|
|
|
|
| LEADER |
00000nam a22000003a 4500 |
| 001 |
stu253823 |
| 005 |
20150617230225.6 |
| 008 |
120828s2011----xo------------------slo-d |
| 020 |
|
|
|a 978-80-8063-370-7
|
| 040 |
|
|
|a STU
|b slo
|
| 041 |
0 |
|
|a slo
|
| 044 |
|
|
|a xo
|
| 080 |
|
|
|a 001
|
| 100 |
1 |
|
|a Hovorka, Dušan
|4 aut
|
| 245 |
1 |
|
|a Ako písať a komunikovať :
|b Vademecum začínajúcich vedeckých a pedagogických pracovníkov
|
| 260 |
|
|
|a Martin :
|b Osveta,
|c 2011
|
| 300 |
|
|
|a 245 s
|
| 650 |
|
7 |
|a odborné texty
|2 stusub
|
| 650 |
|
7 |
|a vedecké práce
|2 stusub
|
| 650 |
|
7 |
|a kvalifikačné práce
|2 stusub
|
| 650 |
|
7 |
|a metodológia vedeckej práce
|2 stusub
|
| 650 |
|
7 |
|a veda-metodológia
|2 stusub
|
| 700 |
1 |
|
|a Komárek, Karel
|4 aut
|
| 700 |
1 |
|
|a Chrapan, Ján
|4 aut
|
| 856 |
4 |
|
|a https://sweb.mtf.stuba.sk/obsahy/ako_pisat_a_komunikovat_11
|u https://sweb.mtf.stuba.sk/obsahy/ako_pisat_a_komunikovat_11
|3 OBSAH
|
| 996 |
|
|
|b 284M081166
|c M*13228-1
|l MMST
|s A
|a 24
|w stu253823_0001
|
| 996 |
|
|
|b 284M081167
|c M*13228-2
|l MMKN
|s A
|a 24
|w stu253823_0002
|
| 996 |
|
|
|b 284M081168
|c M*13228-3
|l MMKN
|s A
|a 24
|w stu253823_0003
|